Statistics for Bandwagon Quiz - Philadelphia Phillies

Click here to take the quiz!

General Stats

  • This quiz has been taken 55 times
  • The average score is 11 of 20

Answer Stats

HintAnswer% Correct
How many World Series titles do the Phillies have?2
100%
What ballpark do the Phillies play in?Citizens Bank Park
96%
What is the name of the Phillies' mascot?Phillie Phanatic
82%
What is the name of the Phillies' mascot?Phillie Phanatic
82%
Who is the most recent Phillie to win MVP?Bryce Harper
80%
The Phillies' alternate logo features what famous Pennsylvania artifact?Liberty Bell
71%
Who leads the Phillies in all-time home runs?Mike Schmidt
67%
What shortstop turned his 2023 season around after being given a standing ovation by Phillies fans despite poor play?Trea Turner
67%
What pitcher pitched a no-hitter as a Phillie in his first-ever postseason game?Roy Halladay
61%
What legendary pitcher won a Cy Young Award with the Phillies four times?Steve Carlton
59%
Who leads the Phillies in all-time hits?Jimmy Rollins
55%
What legendary Indians player hit his 400th home run at the Phillies' ballpark in 2004?Jim Thome
47%
Who is the current manager of the Phillies?Rob Thomson
47%
What is the name given to the area behind center field featuring a large statue of Richie Ashburn?Ashburn Alley
45%
What is the name of the Phillies' Triple-A affiliate?Lehigh Valley Iron Pigs
39%
What team became the first to throw a no-hitter in the World Series since 1956 against the Phillies?Houston Astros
35%
What country singer, who is the son of a former Phillies pitcher, performed before the World Series in 2008?Tim McGraw
35%
The Phillies were the first ever sports franchise to accumulate 10,000 of what?Losses
24%
What was the name of the young ladies wearing maroon pants designed to increase attendance in the 1970s?Hot Pants Patrol
2%
What was the name given to the 1993 Phillies' batting order?Macho Row
2%

Score Distribution

Percentile by Number Answered

Percent of People with Each Score

Your Score History

You have not taken this quiz